The American college novel : an annotated bibliography /

Bibliographic Details
Main Author: Kramer, John E., 1935-
Format: Book
Language:English
Published: New York : Garland Pub., 1981.
Series:Garland reference library of the humanities ; v. 253.
Subjects:

MARC

Tag First Indicator Second Indicator Subfields
LEADER 00000cam a22000008a 4500
001 in00000090290
005 20151008065659.0
008 810611s1981 nyu b 00110 eng
010 |a  80008971  
020 |a 0824093658 :  |c $40.00 
035 |a (OCoLC)07574279 
035 |9 AAK6380AM 
039 0 |a 2  |b 3  |c 3  |d 3  |e 3 
040 |a DLC  |c DLC  |d TXA  |d UtOrBLW 
043 |a n-us--- 
049 |a TXAM  |c [388628] 
050 0 0 |a Z1231 F4  |b  K7 
082 0 |a 016.813/008/0379  |2 19 
100 1 |a Kramer, John E.,  |d 1935- 
245 1 4 |a The American college novel :  |b an annotated bibliography /  |c  John E. Kramer, Jr. 
263 |a 8108 
264 1 |a New York :  |b Garland Pub.,  |c 1981. 
300 |a xv, 286 pages ;  |c 23 cm. 
336 |a text  |b txt  |2 rdacontent 
337 |a unmediated  |b n  |2 rdamedia 
338 |a volume  |b nc  |2 rdacarrier 
490 1 |a Garland reference library of the humanities ;  |v v. 253 
500 |a Includes indexes. 
650 0 |a American fiction  |v Bibliography. 
650 0 |a Universities and colleges in literature  |x Bibliography. 
650 0 |a American fiction  |v Stories, plots, etc. 
830 0 |a Garland reference library of the humanities ;  |v v. 253. 
999 |a MARS 
999 f f |s 49ca8c8f-30e4-3bfe-b7d8-ffff359093e5  |i fd507f77-4f25-3dc0-9ab3-776e4e81d1a8  |t 0 
952 f f |p ric  |a Texas A&M University  |b Rellis Campus  |c Joint Library Facility  |d Remote Storage  |t 0  |e Z1231 F4 K7  |h Library of Congress classification  |i unmediated -- volume  |m A14805992398 
998 f f |a Z1231 F4 K7  |t 0  |l Remote Storage